Nonlinear multiobjective optimization

Saved in:
書目詳細資料
主要作者: Miettinen, Kaisa M. (autora)
格式: 圖書
語言:英语
出版: Boston Kluwer Academic Publishers 1998
版:1a. ed
叢編:International Series in Operations Research
主題:
標簽: 添加標簽
沒有標簽, 成為第一個標記此記錄!

MARC

LEADER 00000cam a2200000 a 4500
001 UCD9534
003 CL-VaPUC
008 170626e19980000us |||||||||||||||||eng|d
020 |a 0792382781 
082 0 4 |a 658.403  |b MIE  |2 21 
100 |a Miettinen, Kaisa M.  |e autora  |9 593197 
245 1 0 |a Nonlinear multiobjective optimization 
250 |a 1a. ed 
300 |a 298 p 
942 |c BK 
945 |d 20170626 01:10:00  |a dcastane 
260 |a Boston  |b Kluwer Academic Publishers  |c 1998 
650 0 |a Toma de decisiones   |9 257530 
650 0 |a Programación no lineal   |9 259385 
583 |a last modification  |c 20170626 01:10:00  |k Rodrigo Vera 
490 0 |a International Series in Operations Research 
999 |c 368662  |d 368660 
952 |0 0  |1 0  |3 erd  |4 0  |6 658_403000000000000_MIE_1998  |7 0  |8 A  |9 484052  |a BIBING  |b BIBING  |i 540200K  |o 658.403 MIE 1998  |p 540200K  |r 2025-01-20  |w 2019-11-24  |y BK  |z Catalogado en:20170626  |k CCI 
952 |0 0  |1 0  |3 erd  |4 0  |6 658_403000000000000_MIE_1998  |7 0  |8 A  |9 484053  |a BIBING  |b BIBING  |i 5402018  |o 658.403 MIE 1998  |p 5402018  |r 2025-01-20  |w 2019-11-24  |y BK  |z Catalogado en:20170626  |k CCI